Второе Правило Волшебника, или Камень Слез: Роман в 2-х кн.: пер. с англ.; Кн. 1

Dades bibliogràfiques
Autor principal: Гудкайнд Т. Терри
Idioma:rus
Publicat: Москва, АСТ, 2000
Col·lecció:Век дракона
Matèries:
Format: Llibre
KOHA link:https://koha.lib.tpu.ru/cgi-bin/koha/opac-detail.pl?biblionumber=27560

MARC

LEADER 00000nam0a2200000 4500
001 27560
005 20231030202223.0
010 |a 5170015917 
035 |a (RuTPU)RU\TPU\book\27811 
035 |a BOOK00027886 
090 |a 27560 
100 |a 20011209d2000 m y0rusy50 ca 
101 1 |a rus  |c eng 
102 |a RU 
105 |a y z 000ay 
200 1 |a Второе Правило Волшебника, или Камень Слез  |e Роман в 2-х кн.: пер. с англ.  |f Т. Гудкайнд  |h Кн. 1 
210 |a Москва  |c АСТ  |d 2000 
215 |a 624 с. 
225 1 |a Век дракона 
610 1 |a романы 
610 1 |a фантастика 
610 1 |a приключения 
675 |a 82  |v 3 
700 1 |a Гудкайнд  |b Т.  |g Терри 
801 0 |a RU  |b 63413507  |c 20011209  |g PSBO 
801 2 |a RU  |b 63413507  |c 20071012  |g PSBO 
942 |c BK